| 000 | 02515cam a2200373 i 4500 | ||
|---|---|---|---|
| 999 |
_c128183 _d128183 |
||
| 001 | 19492189 | ||
| 003 | ARRUPE | ||
| 005 | 20180919121708.0 | ||
| 008 | 170213t20162016pau b 000 0 eng d | ||
| 010 | _a 2016498872 | ||
| 020 |
_a9780812248982 _q(hardcover) |
||
| 020 |
_z9780812293784 _q(ebook) |
||
| 035 | _a(OCoLC)ocn946693516 | ||
| 040 |
_aYDXCP _beng _cYDXCP _erda _dBTCTA _dBDX _dCDX _dOCLCF _dGZN _dOCLCO _dGXR _dCSAIL _dUAB _dVP@ _dOCL _dOCLCO _dGBVCP _dOCLCO _dTXI _dQGQ _dDAC _dMFS _dDLC |
||
| 042 | _alccopycat | ||
| 050 | 0 | 0 |
_aJC423 _b.M78395 2016 |
| 082 | 0 | 4 |
_a320.56/62 _223 |
| 084 |
_a89.29 _2bcl |
||
| 100 | 1 |
_aMüller, Jan-Werner, _d1970- _eauthor. _942306 |
|
| 245 | 1 | 0 |
_aWhat is populism? / _cJan-Werner Müller. |
| 260 |
_aUnited States of America _bPenguin Books _c2017 |
||
| 300 |
_a123 pages ; _c23 cm |
||
| 504 | _aIncludes bibliographical references (pages 105-119) | ||
| 505 | 0 | 0 |
_tWhat populists say -- _tWhat populists do, or Populism in power -- _tHow to deal with populists -- _tConclusion: Seven theses on Populism. |
| 520 | _aThis work argues that at populism's core is a rejection of pluralism. Populists will always claim that they and they alone represent the people and their true interests. Müller also shows that, contrary to conventional wisdom, populists can govern on the basis of their claim to exclusive moral representation of the people: if populists have enough power, they will end up creating an authoritarian state that excludes all those not considered part of the proper "people." The book proposes a number of concrete strategies for how liberal democrats should best deal with populists and, in particular, how to counter their claims to speak exclusively for "the silent majority" or "the real people." - Provided by the publisher. | ||
| 650 | 0 |
_aPopulism. _942307 |
|
| 650 | 0 |
_aDemocracy _xPhilosophy. _9737 |
|
| 650 | 0 |
_aPolitical science _xPhilosophy. _942308 |
|
| 906 |
_a7 _bcbc _ccopycat _d2 _encip _f20 _gy-gencatlg |
||
| 942 |
_2lcc _cMONOGRAPH |
||